Получение гранулированных композиций для производства теплоизоляционных материалов на основе золы углей Кузбасса; Химия и химическая технология в XXI веке

Dettagli Bibliografici
Parent link:Химия и химическая технология в XXI веке.— 2016.— [С. 113-114]
Autore principale: Полторанина А. П.
Ente Autore: Национальный исследовательский Томский политехнический университет (ТПУ) Институт физики высоких технологий (ИФВТ) Кафедра общей химии и химической технологии (ОХХТ)
Altri autori: Фролова И. В. Ирина Владимировна, Тихонов В. В. Виктор Владимирович
Riassunto:Заглавие с экрана
Lingua:russo
Pubblicazione: 2016
Serie:Химия и химическая технология неорганических веществ и материалов
Soggetti:
Accesso online:http://earchive.tpu.ru/handle/11683/30868
Natura: MixedMaterials Elettronico Capitolo di libro
KOHA link:https://koha.lib.tpu.ru/cgi-bin/koha/opac-detail.pl?biblionumber=618719

MARC

LEADER 00000naa2a2200000 4500
001 618719
005 20231227103357.0
035 |a (RuTPU)RU\TPU\conf\17105 
035 |a RU\TPU\conf\17104 
090 |a 618719 
100 |a 20160614d2016 k y0rusy50 ca 
101 0 |a rus 
102 |a RU 
105 |a y z 101zy 
135 |a drcn ---uucaa 
181 0 |a i  
182 0 |a b 
200 1 |a Получение гранулированных композиций для производства теплоизоляционных материалов на основе золы углей Кузбасса  |f А. П. Полторанина, И. В. Фролова, В. В. Тихонов 
203 |a Текст  |c электронный 
225 1 |a Химия и химическая технология неорганических веществ и материалов 
300 |a Заглавие с экрана 
320 |a [Библиогр.: с. 114 (3 назв.)] 
463 0 |0 (RuTPU)RU\TPU\conf\17060  |t Химия и химическая технология в XXI веке  |o материалы XVII Международной научно-практической конференции студентов и молодых ученых имени профессора Л.П. Кулёва, посвященной 120-летию Томского политехнического университета, 17–20 мая 2016 г., г. Томск  |f Национальный исследовательский Томский политехнический университет (ТПУ) ; Институт природных ресурсов (ИПР) ; Институт физики высоких технологий (ИФВТ) ; Физико-технический институт (ФТИ) ; Сибур-Холдинг  |v [С. 113-114]  |d 2016 
610 1 |a труды учёных ТПУ 
610 1 |a электронный ресурс 
610 1 |a теплоизоляционные материалы 
610 1 |a отходы 
610 1 |a ГРЭС 
610 1 |a гранулированные материалы 
610 1 |a Кузбасс 
700 1 |a Полторанина  |b А. П. 
701 1 |a Фролова  |b И. В.  |c химик-технолог  |c доцент Томского политехнического университета, кандидат технических наук  |f 1976-  |g Ирина Владимировна  |3 (RuTPU)RU\TPU\pers\28011  |9 12993 
701 1 |a Тихонов  |b В. В.  |c химик-технолог  |c доцент Томского политехнического университета, кандидат технических наук  |f 1965-  |g Виктор Владимирович  |3 (RuTPU)RU\TPU\pers\24794 
712 0 2 |a Национальный исследовательский Томский политехнический университет (ТПУ)  |b Институт физики высоких технологий (ИФВТ)  |b Кафедра общей химии и химической технологии (ОХХТ)  |3 (RuTPU)RU\TPU\col\21253 
801 2 |a RU  |b 63413507  |c 20160705  |g RCR 
856 4 |u http://earchive.tpu.ru/handle/11683/30868 
942 |c BK